[Event "1st Donetsk Masters"]
[Site "Donetsk UKR"]
[Date "2011.03.05"]
[Round "11"]
[White "Budnikov,O"]
[Black "Demkovich,A"]
[Result "0-1"]
[WhiteElo "2442"]
[BlackElo "2404"]

1.e4 c5 2.Nf3 Nc6 3.Bb5 e6 4.Bxc6 bxc6 5.O-O d5 6.e5 g5 7.d3 h6 8.c4 Ne7
9.Nc3 Ng6 10.Re1 Bg7 11.h3 O-O 12.Na4 f6 13.exf6 Qxf6 14.Nxc5 e5 15.cxd5 cxd5
16.Qb3 Qf7 17.Re3 Bxh3 18.gxh3 Nh4 19.Nd7 Nxf3+ 20.Rxf3 Qxf3 21.Nxf8 Rxf8
22.Be3 Kh8 23.Qd1 Qxh3 24.Qf1 Qh5 25.Rc1 d4 26.Bd2 Qf3 27.Rc7 g4 28.Qe1 e4
29.Re7 g3 30.fxg3 e3 31.Bb4 Rf5 32.Re4 Be5 33.Bc5 Rh5 34.Rh4 Rxh4 35.gxh4 Bg3
36.Qf1 Bf2+ 37.Kh2 Qg3+ 38.Kh1 e2  0-1

[Event "Noteboom Memorial GpA"]
[Site "Leiden NED"]
[Date "2011.03.05"]
[Round "2"]
[White "Kaufeld,J"]
[Black "Ikonnikov,Vy"]
[Result "0-1"]
[WhiteElo "2260"]
[BlackElo "2569"]

1.e4 c5 2.Nf3 Nc6 3.Bb5 g6 4.O-O Bg7 5.c3 Nf6 6.d4 Nxe4 7.d5 Nb8 8.Re1 Nd6
9.Bf4 Nxb5 10.a4 Nxc3 11.Nxc3 d6 12.Qe2 Na6 13.Qb5+ Kf8 14.Re3 Nc7 15.Qb3 h6
16.Rae1 Bf6 17.Ne4 b6 18.Nxf6 exf6 19.Nd2 Bb7 20.Re7 g5 21.Bg3 Bxd5 22.Qd3 Qxe7
23.Rxe7 Kxe7 24.Ne4 Rad8 25.Qf3 Bxe4 26.Qxe4+ Ne6 27.Qd5 Rd7 28.f3 Rhd8 29.Qf5 d5  0-1

[Event "TCh-CZE 2010-11"]
[Site "Czech Rep CZE"]
[Date "2011.03.06"]
[Round "9.3"]
[White "Plat,V"]
[Black "Bobras,P"]
[Result "0-1"]
[WhiteElo "2422"]
[BlackElo "2530"]

1.e4 c5 2.Nf3 Nc6 3.Bb5 g6 4.O-O Bg7 5.c3 Nf6 6.Qe2 O-O 7.d4 d5 8.e5 Ne4
9.Nbd2 cxd4 10.cxd4 Qb6 11.Nb3 Bd7 12.Ng5 Nxe5 13.Bxd7 Nxd7 14.Nxe4 dxe4
15.Qxe4 e6 16.Be3 Nf6 17.Qd3 Nd5 18.Rac1 Rfc8 19.Qd2 Qa6 20.Nc5 Qxa2 21.Ra1 Qc4
22.Nxb7 Nxe3 23.fxe3 Qd5 24.Na5 e5 25.Qd3 exd4 26.Rfd1 Rab8 27.b3 Rc5 28.Nc4 dxe3
29.Qxe3 Qh5 30.Rab1 Rd5 31.Rxd5 Qxd5 32.Qg3 Rd8 33.Rf1 Qd3 34.Qxd3 Rxd3 35.Rb1 Rc3
36.Kf1 Bf8 37.Ra1 Bc5 38.Ra5 Rc1+ 39.Ke2 Bg1 40.h3 Rc2+ 41.Kf1 Rc1+ 42.Ke2 h5
43.Rd5 Rc2+ 44.Kf1 Rc1+ 45.Ke2 Ra1 46.Rd7 Ra2+ 47.Nd2 Bb6 48.Kf3 Rb2 49.Rd3 h4
50.g3 hxg3 51.Kxg3 Kg7 52.h4 Bc7+ 53.Kg4 Kh6 54.Rd5 f5+ 55.Kf3 Bb6 56.Rd3 Kh5
57.Kg3 Bc7+ 58.Kh3 Bf4 59.Nf1 Rf2 60.Ng3+ Bxg3 61.Kxg3 Re2 62.Rd7 Re3+ 63.Kf2 Rxb3
64.Rh7+ Kg4 65.h5 g5 66.h6 Rh3 67.Rxa7 Rxh6 68.Kg2 Rb6 69.Ra2 f4 70.Rc2 Rb3
71.Ra2 Kh4 72.Ra8 Kg4 73.Ra2 Re3 74.Kf2 Re4 75.Ra3 f3 76.Ra5 Re2+ 77.Kf1 Kh4  0-1

[Event "ch-NCA 2011"]
[Site "Managua NCA"]
[Date "2011.03.06"]
[Round "3.6"]
[White "Picado,J"]
[Black "Flores,Man"]
[Result "1-0"]
[WhiteElo "2228"]
[BlackElo "2012"]

1.e4 c5 2.Nf3 Nc6 3.Bb5 g6 4.Bxc6 dxc6 5.h3 Bg7 6.O-O e5 7.Nc3 Ne7 8.d3 O-O
9.Be3 b6 10.Qd2 f6 11.Nh2 g5 12.h4 h6 13.Ne2 Ng6 14.g3 Kh7 15.h5 Ne7 16.g4 Be6
17.f3 Qd7 18.Rfd1 Rfd8 19.b3 Bf8 20.Kg2 Nc8 21.c3 a5 22.d4 Qb7 23.Qc2 cxd4
24.cxd4 Na7 25.Nf1 Rac8 26.Nfg3 Nb5 27.dxe5 fxe5 28.a4 Na7 29.Qb2 Bg7 30.b4 axb4
31.Rxd8 Rxd8 32.Qxb4 Rb8 33.Qd6 Re8 34.Rb1 Nc8 35.Qb4 Qa6 36.Nc3 c5 37.Qb2 Qd3
38.Bf2 Rf8 39.Nf5 Bxf5 40.gxf5 Qc4 41.Rd1 Qf7 42.Bg3 Qxh5 43.Rd7 Rf7 44.Qd2 Ne7
45.Qd6 Ng8 46.Rxf7 Qxf7 47.Nd5 Qe8 48.Qxb6 Kh8 49.a5 Qa4 50.f6 Qc2+ 51.Bf2 g4
52.fxg7+ Kxg7 53.Qc7+ Kg6 54.Qd6+  1-0

[Event "43th WGM"]
[Site "Belgrade SRB"]
[Date "2011.03.07"]
[Round "2.4"]
[White "Miladinovic,L"]
[Black "Maksimovic,S"]
[Result "0-1"]
[WhiteElo "2086"]
[BlackElo "2203"]

1.e4 c5 2.Nf3 Nc6 3.Bb5 g6 4.Bxc6 dxc6 5.d3 Bg7 6.Nbd2 Nh6 7.h3 O-O 8.a4 f5
9.O-O Nf7 10.Qe2 e5 11.Nc4 f4 12.Bd2 h5 13.b4 cxb4 14.Bxb4 Re8 15.c3 b6 16.Rfd1 c5
17.Ba3 g5 18.Nh2 g4 19.hxg4 hxg4 20.Nxg4 Qh4 21.Nh2 Re6 22.Nf3 Qh7 23.Qa2 Rh6
24.Kf1 Be6 25.Rab1 Qg6 26.Ng1 Bf6 27.f3 Nd6 28.Qe2 Nxc4 29.dxc4 Rh1 30.a5 Rd8
31.axb6 axb6 32.Rxd8+ Bxd8 33.Rd1 Be7 34.Bc1 Qg3 35.Rd5 Qh2 36.Qf2 Bh4 37.g3 Rxg1+  0-1

[Event "ch-PriFO A"]
[Site "Tolyatti RUS"]
[Date "2011.03.10"]
[Round "1.19"]
[White "Yandemirov,V"]
[Black "Tsarukian,E"]
[Result "1/2-1/2"]
[WhiteElo "2383"]
[BlackElo "2201"]

1.e4 c5 2.Nf3 Nc6 3.Bb5 g6 4.O-O Bg7 5.c3 Nf6 6.Qa4 O-O 7.d4 cxd4 8.cxd4 a6
9.d5 Na7 10.Bd3 d6 11.Be3 Ng4 12.Bd4 b5 13.Qb3 e5 14.Bc3 Bd7 15.Qa3 Nc8 16.Ba5 Qe7
17.Nbd2 f5 18.Rac1 Nf6 19.Rc7 Ne8 20.Rb7 Rf7 21.Bb4 Qd8 22.Nb3 fxe4 23.Bxe4 Bh6
24.Ba5 Qf6 25.Nbd2 Bf5 26.Rxf7 Qxf7 27.Bb4 Bxe4 28.Nxe4 Qxd5 29.Re1 a5 30.Bd2 b4
31.Qa4 Nb6 32.Qxe8+ Rxe8 33.Nf6+ Kf7 34.Nxd5 Bxd2 35.Rd1 Nxd5 36.Rxd2 Rc8
37.h4 Rc5 38.Ng5+ Ke7 39.Nxh7 Nf4 40.Ng5 d5 41.g3 Ne6 42.Nxe6 Kxe6 43.f3 d4
44.Kf2 Kd5 45.Ke2 Rc1 46.Rd1 Rc2+ 47.Rd2 Rc1 48.Rd1  1/2-1/2

[Event "TCh-SWE Elitserien 2010-11"]
[Site "Sweden SWE"]
[Date "2011.03.13"]
[Round "11"]
[White "Backelin,R"]
[Black "Nithander,V"]
[Result "0-1"]
[WhiteElo "2350"]
[BlackElo "2422"]

1.e4 c5 2.Nf3 Nc6 3.Bb5 g6 4.Bxc6 dxc6 5.d3 Bg7 6.Nbd2 Nf6 7.O-O Nd7 8.a4 Nf8
9.Nc4 Ne6 10.a5 O-O 11.Be3 Qc7 12.Qd2 Rd8 13.Bh6 Bh8 14.Qe3 Rb8 15.Ra2 b5
16.axb6 axb6 17.Rfa1 b5 18.Ncd2 Nd4 19.Nxd4 Bxd4 20.Qf3 Be6 21.Bf4 Qd7 22.Bxb8 Bxa2
23.Rxa2 Rxb8 24.Nb3 Qe6 25.h3 Be5 26.Nc1 c4 27.c3 cxd3 28.Qxd3 Bc7 29.Qf3 Rd8
30.g4 Rd2 31.Ra8+ Kg7 32.Ne2 Qc4 33.Nd4 Rxb2 34.Kg2 Rb1 35.Ne2 Re1 36.Ng3 Bxg3
37.Kxg3 Qxe4 38.Qxe4 Rxe4 39.Kf3 Rc4 40.Ra3 Kf6  0-1

[Event "TCh-SWE Elitserien 2010-11"]
[Site "Sweden SWE"]
[Date "2011.03.13"]
[Round "11"]
[White "Cicak,S"]
[Black "Lundvik,J"]
[Result "1-0"]
[WhiteElo "2568"]
[BlackElo "2235"]

1.e4 c5 2.Nf3 Nc6 3.Bb5 Qc7 4.O-O a6 5.Bxc6 Qxc6 6.d4 cxd4 7.Nxd4 Qc7 8.Nc3 e6
9.Re1 d6 10.Nf5 Nf6 11.Bf4 exf5 12.e5 dxe5 13.Bxe5 Qc6 14.Bxf6+ Be6 15.Be5 Bc5
16.Qd3 O-O 17.Rad1 Rac8 18.Qg3 f6 19.Bd6 Rfe8 20.h3 b5 21.Bxc5 Qxc5 22.Qd6 Bf7
23.Rxe8+ Bxe8 24.Qxa6 b4 25.Nd5 Qxc2 26.Qxc8 Qxd1+ 27.Kh2 Qe2 28.Nc7 Qe5+
29.g3 Kf7 30.Qxe8+ Qxe8 31.Nxe8 Kxe8 32.Kg2 Kd7 33.Kf3 Kd6 34.Ke3 Kc5 35.Kd3 Kd5
36.a3 bxa3 37.bxa3 Kc5 38.Kc3 Kb5 39.Kd4 Ka4 40.Kd5 Kxa3 41.Ke6 Kb4 42.Kf7 Kc4
43.Kxg7 Kd3 44.Kxh7 Ke2 45.f4  1-0

[Event "ch-PriFO A"]
[Site "Tolyatti RUS"]
[Date "2011.03.13"]
[Round "4.20"]
[White "Borisenko,An"]
[Black "Davydov,St"]
[Result "1/2-1/2"]
[WhiteElo "2386"]
[BlackElo "2223"]

1.e4 c5 2.Nf3 Nc6 3.Bb5 g6 4.O-O Bg7 5.Re1 e5 6.c3 Nge7 7.d4 exd4 8.cxd4 cxd4
9.Bf4 O-O 10.Bd6 a6 11.Ba4 b5 12.Bb3 Bb7 13.Nbd2 h6 14.Nh4 Kh7 15.f4 Rc8
16.Ndf3 Na5 17.e5 Nxb3 18.axb3 Rg8 19.Qd3 Bf8 20.Rad1 Nc6 21.Bxf8 Qxf8 22.Rf1 d6
23.f5 g5 24.Ng6 Qg7 25.Ne7 Nxe7 26.f6+ Qg6 27.fxe7 Bxf3 28.Qxf3 dxe5 29.Qd5 f6
30.Qe6 Kg7 31.Rde1 Rge8 32.h3 Qf7 33.Rxe5 Qxe6 34.Rxe6 d3 35.Rd1 Kf7 36.Rxa6 Rxe7
37.Rxd3 Re2 38.Rf3 Rc1+ 39.Kh2 Rcc2 40.Rfxf6+ Ke7 41.Rxh6 Rxg2+ 42.Kh1 Rh2+
43.Kg1  1/2-1/2

[Event "43rd WGM"]
[Site "Belgrade SRB"]
[Date "2011.03.14"]
[Round "9.5"]
[White "Miladinovic,L"]
[Black "Voiska,M"]
[Result "1/2-1/2"]
[WhiteElo "2086"]
[BlackElo "2313"]

1.e4 c5 2.Nf3 Nc6 3.Bb5 g6 4.Bxc6 bxc6 5.O-O Bg7 6.Re1 e5 7.c3 Ne7 8.d4 cxd4
9.cxd4 exd4 10.Nxd4 O-O 11.Nc3 Re8 12.e5 d6 13.exd6 Qxd6 14.Be3 Nf5 15.Nxf5 Qxd1
16.Nh6+ Bxh6 17.Raxd1 Bf8 18.Na4 Be6 19.b3 Bb4 20.Rf1 Bd5 21.Rc1 Ba3 22.Rc3 Bf8
23.h3 f5 24.Rd1 Bd6 25.Bc5 Bf4 26.Rcd3 Be5 27.Nc3 Be6 28.Re1 Bf7 29.Red1 Bxc3
30.Rxc3 Re2 31.a3 Bd5 32.b4 a6 33.Re3 Rxe3 34.Bxe3 Kf7 35.f4 Re8 36.Re1 h6
37.Kf2 Re4 38.g3 Rc4 39.Rc1 Re4 40.Re1 Re8 41.Bc5 Be4 42.Rd1  1/2-1/2

[Event "ch-PriFO A"]
[Site "Tolyatti RUS"]
[Date "2011.03.14"]
[Round "5.12"]
[White "Yandemirov,V"]
[Black "Toropov,P"]
[Result "1-0"]
[WhiteElo "2383"]
[BlackElo "2234"]

1.e4 c5 2.Nf3 Nc6 3.Bb5 g6 4.Bxc6 dxc6 5.d3 Bg7 6.h3 Nf6 7.Nc3 O-O 8.Be3 b6
9.Qd2 Re8 10.O-O e5 11.a3 Qd6 12.b4 Nd7 13.Na4 cxb4 14.axb4 Bb7 15.Nb2 f5
16.Nc4 Qe7 17.Qc3 c5 18.Qb3 Kh8 19.bxc5 Nxc5 20.Bxc5 Qxc5 21.Ng5 Bf8 22.Nxe5 fxe4
23.Nef7+ Kg8 24.Nh6+ Kg7 25.Qg8+ Kf6 26.Nxh7+ Ke5 27.Qxg6 Bxh6 28.Qf6+ Kd5
29.c4+  1-0

[Event "ch-Southern FR Men"]
[Site "Armavir RUS"]
[Date "2011.03.18"]
[Round "7"]
[White "Rjabzev,K"]
[Black "Gorkavij,V"]
[Result "1/2-1/2"]
[WhiteElo "2290"]
[BlackElo "2370"]

1.e4 c5 2.Nf3 Nc6 3.Bb5 g6 4.Bxc6 dxc6 5.d3 Bg7 6.O-O Nf6 7.h3 O-O 8.Nc3 Nd7
9.Be3 e5 10.Qd2 Qe7 11.Bg5 f6 12.Bh6 Rf7 13.Bxg7 Kxg7 14.Nh2 Nf8 15.f4 exf4
16.Rxf4 Be6 17.Raf1 Rd8 18.Qe3 Nd7 19.Ne2 Ne5 20.b3 b6 21.Qg3 Bc8 22.R4f2 a5
23.Nf4 Kh8 24.Nf3 Nxf3+ 25.Rxf3 Rdf8 26.Qh4 Rg7 27.Ne2 Rgf7 28.Qh6 Kg8 29.Rg3 Rg7
30.Rgf3 Qe5 31.Qf4 Rgf7 32.Qxe5 fxe5 33.Rxf7 Rxf7 34.Rxf7 Kxf7 35.Nc3 b5
36.Kf2 Kf6 37.Ne2 Be6 38.Ke3 g5 39.g4 Kg6 40.Ng3 Kf6 41.Nf5 Bc8 42.c3 Ba6
43.c4 b4 44.Kf3 Bc8 45.Kg3 Bxf5 46.exf5 Kf7 47.Kf3 h6 48.Ke3 Ke7  1/2-1/2

[Event "5th Agzamov Mem"]
[Site "Tashkent UZB"]
[Date "2011.03.19"]
[Round "2"]
[White "Kayumov,D"]
[Black "Kaisar,J"]
[Result "1/2-1/2"]
[WhiteElo "2463"]
[BlackElo "2251"]

1.e4 c5 2.Nf3 Nc6 3.Bb5 e6 4.O-O Nge7 5.c3 a6 6.Ba4 b5 7.Bc2 Bb7 8.Qe2 d5
9.e5 d4 10.Be4 Nd5 11.d3 Rc8 12.c4 bxc4 13.dxc4 Nb6 14.h4 Qc7 15.Re1 Nd7
16.Nbd2 g6 17.Nf1 Rb8 18.Ng3 Bg7 19.Bf4 O-O 20.h5 Ncxe5 21.Bxe5 Bxe5 22.Bxb7 Bxg3
23.Bxa6 Bd6 24.Bb5 Nf6 25.hxg6 hxg6 26.a4 Kg7 27.Ra3 Rh8 28.g3 Rh5 29.Kg2 Rbh8
30.Rg1 e5 31.Kf1 e4 32.Nd2 Qb7 33.a5 Rh2 34.a6 Qa8 35.Qd1 Qc8 36.g4 R8h4
37.a7 Qa8 38.Bc6 Qxc6 39.a8=Q Qxa8 40.Rxa8 e3 41.fxe3 dxe3 42.Nf3 e2+ 43.Qxe2 Rxe2
44.Kxe2 Rxg4 45.Rxg4 Nxg4 46.Ra6 Bf8 47.Ng5 Be7 48.Ne4 f5 49.Ra7 Kf8 50.Nc3 Ne5
51.Nd5 Bh4 52.Nf4 Be7 53.b3 Ke8 54.Nd5 Bd8 55.Rh7 Nf7 56.Nf4 Ne5 57.Rg7 Bf6
58.Rg8+ Kf7 59.Rc8 Be7 60.Rc7 Ke8 61.Ne6 Bd6 62.Rg7 Be7 63.Rh7 Bd6 64.Nc7+ Kf8
65.Rh8+ Kg7 66.Rc8 Kf7 67.Na6 Nd7 68.b4 cxb4 69.c5 b3 70.Kd3 Be5 71.Ra8 b2
72.Kc2 f4 73.c6 Nb6 74.c7 f3 75.Rd8 g5 76.Rd1 g4 77.Kd3 Bf4 78.Rb1 Bc1 79.Nc5 Nc8
80.Nb3 g3 81.Nd4 f2 82.Ke2 g2 83.Kxf2 g1=Q+ 84.Kxg1 Be3+ 85.Kf1 Bxd4 86.Ke2 Ke6
87.Kd3 Be5 88.Kc2  1/2-1/2

[Event "2nd Magic Valley IM"]
[Site "Rodatychi UKR"]
[Date "2011.03.20"]
[Round "1"]
[White "Sanduleac,V"]
[Black "Meleshko,V"]
[Result "1-0"]
[WhiteElo "2429"]
[BlackElo "2282"]

1.e4 c5 2.Nf3 Nc6 3.Bb5 g6 4.Bxc6 bxc6 5.O-O Bg7 6.c3 d6 7.h3 Nh6 8.d4 cxd4
9.cxd4 f6 10.Nc3 O-O 11.Re1 Nf7 12.Qc2 Qa5 13.Bd2 Bd7 14.Nd5 Qd8 15.Ne3 Qc8
16.Rac1 Qa6 17.Bc3 Nd8 18.b3 Ne6 19.Nc4 d5 20.Nb2 Nf4 21.exd5 Nxd5 22.Na4 Qc8
23.Qe2 Rf7 24.Bd2 g5 25.Nc5 Bf5 26.Nh2 Nc7 27.Be3 Bf8 28.Nf1 e6 29.Ng3 Bg6
30.Bd2 Re7 31.Qf3 Nd5 32.Nge4 Bg7 33.Nd6 Qd8 34.Nc4 Bf7 35.Re2 Nb6 36.Na5 Rc8
37.Nxc6 Rxc6 38.Qxc6 Qxd4 39.Be3 Qe5 40.Nd3 Qf5 41.Nb4 Qa5 42.Qc5 Qxc5 43.Bxc5 Rb7
44.Bxb6 axb6 45.Rc8+ Bf8 46.Nc6 Kg7 47.Nd8 Rd7 48.Nxe6+ Bxe6 49.Rxe6 Rd1+
50.Kh2 Bd6+ 51.g3 Rd2 52.Kg2 Bc5 53.Rxc5 bxc5 54.a4 Rb2 55.Re3 Rc2 56.Re7+ Kg6
57.Rb7 Ra2 58.Rc7 Ra3 59.Rxc5 Rxb3 60.a5 Ra3 61.g4 Kh6 62.f3 Kg6 63.Kf2 Kh6
64.Ke2 Kg6 65.Rf5 h5 66.Kd2 h4 67.Kc2 Ra2+ 68.Kb3 Ra1 69.Kb4 Kf7 70.Kb5 Rb1+
71.Kc6  1-0

[Event "ch-VIE Men"]
[Site "Da Lat VIE"]
[Date "2011.03.21"]
[Round "3.11"]
[White "Nguyen Van Thanh"]
[Black "Nguyen Van Toan Thanh"]
[Result "0-1"]
[WhiteElo "2156"]
[BlackElo "1897"]

1.e4 c5 2.Nf3 Nc6 3.Bb5 Nd4 4.Nc3 e6 5.Nxd4 cxd4 6.Ne2 Qg5 7.Bc4 Qxg2 8.Ng3 d3
9.Bxd3 Bc5 10.Qe2 Ne7 11.f4 Qxe2+ 12.Bxe2 d5 13.e5 Bd7 14.c3 d4 15.b4 Bb6
16.c4 Bc6 17.Rf1 d3 18.Bf3 Bxf3 19.Rxf3 Nc6 20.Rb1 O-O-O 21.Ne4 Bc7 22.b5 Ne7
23.Ng5 Rd4 24.Bb2 Rxc4 25.Nxf7 Rf8 26.Nd6+ Bxd6 27.exd6 Nd5 28.Rxd3 Rcxf4
29.Rc1+ Kd7 30.Rd4 Rf1+ 31.Ke2 R8f2+ 32.Kd3 Nf4+ 33.Kc2 Ne2 34.Ra4 Nxc1 35.Bxc1 Rf4
36.d4 R4f2+ 37.Bd2 Rxh2 38.Rxa7 Rff2 39.Rxb7+ Kxd6 40.a4 Rxd2+ 41.Kc3 Rb2
42.a5 Rhc2+ 43.Kd3 Rc7 44.Rb8 Ra7 45.Rb6+ Kc7 46.Rxe6 Rxb5 47.a6 Kd7 48.Re1 Rxa6
49.Kc4 Rab6 50.Ra1 Rb4+ 51.Kd5 h5 52.Rf1 R6b5+ 53.Ke4 Ke6 54.Rc1 Re5+  0-1

[Event "Caissa GM March 2011"]
[Site "Kecskemet HUN"]
[Date "2011.03.22"]
[Round "5.4"]
[White "Goh Weiming"]
[Black "Natsidis,C"]
[Result "1-0"]
[WhiteElo "2382"]
[BlackElo "2329"]

1.e4 c5 2.Nf3 Nc6 3.Bb5 g6 4.O-O Bg7 5.c3 Nf6 6.d4 cxd4 7.cxd4 Nxe4 8.d5 Nd6
9.Na3 a6 10.Bd3 Ne5 11.Nxe5 Bxe5 12.Re1 Bf6 13.Bh6 Nf5 14.Bxf5 gxf5 15.Nc4 d6
16.a4 Rg8 17.a5 Rg4 18.Qa4+ Qd7 19.Nxd6+ Kd8 20.Nxf7+ Ke8 21.Nd6+ Kd8 22.Qxd7+ Bxd7
23.Nxb7+ Ke8 24.Rac1 Bxb2 25.Nd6+ Kd8 26.Nb7+ Ke8 27.Rc2 Bf6 28.Nd6+ Kd8
29.Nb7+ Ke8 30.Nd6+ Kd8 31.Be3 Rb4 32.Bc5 Rb3 33.Nc4 Rab8 34.d6 e6 35.Bb6+ Ke8
36.h3 Rc3 37.Rxc3 Bxc3 38.Rc1 Bb4 39.Rd1 Bc3 40.f4 Bc6 41.Bd4 Bxd4+ 42.Rxd4 Rb3
43.Ne5 Bd5 44.Rd2 Rc3 45.Rb2 Bb3 46.Kf2 h5 47.h4 Kd8 48.Ke1 Re3+ 49.Kd2 Rg3
50.Kc1 Rc3+ 51.Kb1 Re3 52.Rd2 Re4 53.Rd3 Bd5 54.Rg3 Re1+ 55.Kc2 Re2+ 56.Kd3 Rxg2
57.Rg5 Be4+ 58.Kd4 Kc8 59.Ke3  1-0

[Event "Angora Int 2011"]
[Site "Ankara TUR"]
[Date "2011.03.23"]
[Round "6"]
[White "Klinova,M"]
[Black "Emiroglu,C"]
[Result "1-0"]
[WhiteElo "2295"]
[BlackElo "2181"]

1.e4 c5 2.Nf3 Nc6 3.Bb5 g6 4.Bxc6 dxc6 5.d3 Bg7 6.Nc3 e5 7.Be3 Qe7 8.h3 Nf6
9.Qd2 Nd7 10.O-O Nf8 11.a3 Ne6 12.Bh6 f6 13.Bxg7 Nxg7 14.Ne2 O-O 15.Nh2 Ne6
16.f4 exf4 17.Nxf4 Nxf4 18.Qxf4 f5 19.Nf3 fxe4 20.Qxe4 Re8 21.Qxe7 Rxe7 22.Rae1 Be6
23.Ng5 Rae8 24.Ne4 Kg7 25.Nxc5 Bd5 26.Rxe7+ Rxe7 27.c4 Bf7 28.Kf2 b6 29.Nb3 Rd7
30.Ke3 Re7+ 31.Kd2 Rd7 32.Kc3 Re7 33.Rf2 c5 34.Nd2 Re1 35.Nf3 Rc1+ 36.Kd2 Rb1
37.Kc2 Ra1 38.Ng5 Bg8 39.Re2 Rf1 40.Ne4 Rf8 41.Kc3 a5 42.b4 cxb4+ 43.axb4 Rf1
44.bxa5 bxa5 45.Ra2 Rc1+ 46.Kd4 Rg1 47.Ng5 Kf6 48.Nf3 Rf1 49.Ke3 Rb1 50.Rxa5 Rb3
51.Ra6+ Ke7 52.Ra7+ Kf6 53.Nd2 Rb8 54.Ne4+ Ke6 55.Ng5+ Kf5 56.Ne4 Ke6 57.g4 Ke5  1-0

[Event "Skopje Spring Open 2011"]
[Site "Skopje MKD"]
[Date "2011.03.24"]
[Round "6"]
[White "Lazov,Toni"]
[Black "Kacakovski,D"]
[Result "1/2-1/2"]
[WhiteElo "1693"]
[BlackElo "2150"]

1.e4 c5 2.Nf3 Nc6 3.Bb5 g6 4.Bxc6 dxc6 5.d3 Bg7 6.h3 Nf6 7.O-O O-O 8.Be3 b6
9.Nc3 Nd7 10.Nh2 e5 11.f4 exf4 12.Bxf4 Nf6 13.Nf3 a5 14.a4 Ra7 15.Qd2 Re8
16.Rae1 Be6 17.Bg5 Qb8 18.e5 Nd7 19.Ne4 Kh8 20.Nf6 Bd5 21.Nxe8 Qxe8 22.Bf6 Bxf3
23.Bxg7+ Kxg7 24.gxf3 Qe6 25.Kh2 Qf5 26.f4 Nf8 27.Qg2 Rc7 28.Qe4 Ne6 29.Qxf5 gxf5
30.c3 Rd7 31.Re3 Kf8 32.Kg3 Ke7 33.Kh4 Rd8 34.Rg3 b5 35.axb5 cxb5 36.Rff3 b4
37.Rg1 a4 38.Ra1 Ra8 39.Kg3 b3 40.Ra3 Nc7 41.c4 Ne6 42.Rf1 Nd4 43.Rfa1 Rg8+
44.Kf2 Nc2 45.Rxa4 Nxa1 46.Rxa1 Rd8 47.Ke3 Rg8 48.Ra7+ Ke6 49.Ra6+ Ke7  1/2-1/2

[Event "TCh-HUN 2010-11"]
[Site "Budapest HUN"]
[Date "2011.03.27"]
[Round "7"]
[White "Rigo,Ja"]
[Black "Emodi,B"]
[Result "1/2-1/2"]
[WhiteElo "2313"]
[BlackElo "2369"]

1.e4 c5 2.Nf3 Nc6 3.Bb5 g6 4.c3 Bg7 5.O-O Nf6 6.Re1 O-O 7.d4 d5 8.e5 Ne4
9.Nbd2 Nxd2 10.Qxd2 Qb6 11.Bxc6 Qxc6 12.dxc5 Qxc5 13.Qd4 Qxd4 14.Nxd4 Bd7
15.Bg5 e6 16.f4 Rfc8 17.Be7 Bf8 18.Bxf8 Kxf8 19.g4 b5 20.Re3 b4 21.Rf1 Rc4
22.Rd1 bxc3 23.Rxc3 Rxc3 24.bxc3 Rb8 25.Rd2 Ke7 26.Kf2 Rb1 27.g5 a6 28.Ke3 Kd8
29.Rf2 Ba4 30.Nf3 Kc7 31.h4 Kc6  1/2-1/2

[Event "Skopje Spring Open 2011"]
[Site "Skopje MKD"]
[Date "2011.03.27"]
[Round "9"]
[White "Kukov,T"]
[Black "Tausanov,M"]
[Result "1/2-1/2"]
[WhiteElo "2076"]
[BlackElo "1965"]

1.e4 c5 2.Nf3 Nc6 3.Bb5 g6 4.O-O Bg7 5.Re1 Nf6 6.e5 Nd5 7.Nc3 Nc7 8.Bxc6 dxc6
9.Ne4 b6 10.Nf6+ Kf8 11.Ne4 Bg4 12.h3 Bxf3 13.Qxf3 Ne6 14.d3 Qd5 15.Ng5 Nxg5
16.Bxg5 Qxf3 17.gxf3 Rd8 18.Rad1 Rd5 19.Bf4 e6  1/2-1/2

[Event "ch-VIE Men Places"]
[Site "Da Lat VIE"]
[Date "2011.03.28"]
[Round "1.1"]
[White "Cao,S"]
[Black "Vo Thanh Ninh"]
[Result "1-0"]
[WhiteElo "2557"]
[BlackElo "2315"]

1.e4 c5 2.Nf3 Nc6 3.Bb5 g6 4.Bxc6 dxc6 5.d3 Bg7 6.h3 e5 7.Be3 Qe7 8.Nc3 Nf6
9.Qd2 b6 10.Bh6 Bxh6 11.Qxh6 Nh5 12.Nd1 f6 13.Ne3 Qg7 14.Qxg7 Nxg7 15.a4 Be6
16.g4 Ke7 17.b3 Ne8 18.h4 Nd6 19.Ke2 a5 20.g5 Nf7 21.Rag1 h6 22.gxf6+ Kxf6
23.Nc4 Ra6 24.Rg3 b5 25.Ne3 b4 26.Rhg1 Rg8 27.Nd2 Nd6 28.Ng4+ Bxg4+ 29.Rxg4 Ra7
30.f4 Rag7 31.Rf1 Ke6 32.fxe5 Kxe5 33.Ke3 Ke6 34.Rgf4 Ke7 35.R4f2 Rd8 36.Ke2 Rdg8
37.Rf3 Rh7 38.Rg1 Rf7 39.Rfg3 Rf6 40.Kd1 Re6 41.Nf1 Nf7 42.Ne3 g5 43.hxg5 Rxg5
44.Rxg5 Nxg5 45.Rh1 Kd7 46.Rh5 Rf6 47.Ng4 Rf1+ 48.Ke2 Rg1 49.Ne5+ Ke6 50.Nf3 Nxf3
51.Kxf3 Rc1 52.Rxc5 Kd6 53.d4 h5 54.Ke3 Re1+ 55.Kf3 Rd1 56.Rxa5 Rxd4 57.Ke3 c5
58.Ra8 Ke5 59.Re8+ Kf6 60.Rc8 Rd1 61.Rxc5 Kg6 62.Rc8 Rd7 63.Rg8+ Kf6 64.Rg2 Rd1
65.Rd2 Re1+ 66.Kd4 Kg5 67.e5 h4 68.Kc5 h3 69.Kxb4 Kf4 70.a5 Kg3 71.c4 Rf1
72.a6 h2 73.Rxh2  1-0

[Event "Bocharov Memorial"]
[Site "Borisoglebsk RUS"]
[Date "2011.04.02"]
[Round "5"]
[White "Novikov,Pavel"]
[Black "Zemlyanskiy,D"]
[Result "1/2-1/2"]
[WhiteElo "1786"]
[BlackElo "2292"]

1.e4 c5 2.Nf3 Nc6 3.Bb5 Nf6 4.Nc3 Nd4 5.Bc4 b5 6.Nxd4 bxc4 7.Nf3 d5 8.exd5 Nxd5
9.O-O Nxc3 10.bxc3 Qd5 11.h3 Bb7 12.Re1 e6 13.Ba3 Bd6 14.d4  1/2-1/2

[Event "TCh-NOR Attack-serien 2010-11"]
[Site "Oslo NOR"]
[Date "2011.04.03"]
[Round "9"]
[White "Lie,K"]
[Black "Stokke,K"]
[Result "1-0"]
[WhiteElo "2531"]
[BlackElo "2408"]

1.e4 c5 2.Nf3 Nc6 3.Bb5 Nf6 4.Nc3 Qc7 5.d3 Nd4 6.Bc4 a6 7.Nxd4 cxd4 8.Ne2 e6
9.Bb3 Bc5 10.Bg5 b5 11.a4 bxa4 12.Rxa4 Qb6 13.Qd2 d6 14.O-O Bd7 15.Ra2 h6
16.Bxf6 gxf6 17.Bc4 Ke7 18.c3 a5 19.Qf4 a4 20.Qh4 Rag8 21.b4 axb3 22.Ra6 Qb7
23.cxd4 b2 24.Rb1 Bxd4 25.Nxd4 Ra8 26.Nf5+ exf5 27.e5  1-0

[Event "Karposh Open"]
[Site "Skopje MKD"]
[Date "2011.04.03"]
[Round "3"]
[White "Kacakovski,D"]
[Black "Milanovic,Ma"]
[Result "1-0"]
[WhiteElo "2150"]
[BlackElo "1868"]

1.e4 c5 2.Nf3 Nc6 3.Bb5 d6 4.Bxc6+ bxc6 5.O-O Bg4 6.Re1 e5 7.c3 Nf6 8.d4 cxd4
9.cxd4 Bxf3 10.Qxf3 Qa5 11.Bd2 Qb6 12.dxe5 dxe5 13.Qg3 Nd7 14.Bc3 f6 15.Nd2 Kf7
16.Rad1 Qc7 17.Nc4 Bc5 18.Ba5 Nb6 19.b4 Be7 20.Qb3 Kf8 21.f4 Rd8 22.fxe5 Rxd1
23.Rxd1 fxe5 24.Qe3 Kf7 25.Bxb6 axb6 26.Rd7 Qb8 27.Qg5 Re8 28.Nxe5+ Kf8 29.Rxe7 Rxe7
30.Qxe7+ Kxe7 31.Nxc6+ Kd7 32.Nxb8+ Kc7 33.Na6+ Kb7 34.b5  1-0

[Event "April Meets"]
[Site "Lviv UKR"]
[Date "2011.04.04"]
[Round "1"]
[White "Buturin,V"]
[Black "Soroka,Danilo"]
[Result "0-1"]
[WhiteElo "2311"]
[BlackElo "1971"]

1.e4 c5 2.Nf3 Nc6 3.Bb5 g6 4.Bxc6 dxc6 5.d3 Bg7 6.h3 Nf6 7.e5 Nd5 8.O-O O-O
9.Nbd2 h6 10.Ne4 b6 11.Bd2 f5 12.exf6 exf6 13.c4 Nc7 14.Bc3 Ne6 15.Ng3 Nd4
16.Nxd4 cxd4 17.Bd2 Qd7 18.b4 Bb7 19.Rb1 f5 20.Ne2 c5 21.bxc5 bxc5 22.Nf4 g5
23.Nh5 Qc6 24.f3 Be5 25.Re1 Rae8 26.Kf1 Ba8 27.Re2 Bc7 28.Rf2 Qg6 29.Rb5 Qxh5  0-1

[Event "Karposh Open"]
[Site "Skopje MKD"]
[Date "2011.04.05"]
[Round "5"]
[White "Lazov,Toni"]
[Black "Djordjevski,J"]
[Result "0-1"]
[WhiteElo "1693"]
[BlackElo "2033"]

1.e4 c5 2.Nf3 Nc6 3.Bb5 Qb6 4.Bxc6 bxc6 5.O-O d6 6.h3 e5 7.Re1 Nf6 8.c3 Be7
9.d4 cxd4 10.cxd4 Qc7 11.Nc3 O-O 12.dxe5 dxe5 13.Bg5 Rd8 14.Qc2 Be6 15.Bh4 h6
16.Bg3 Nd7 17.Nd5 Bxd5 18.exd5 f6 19.Qxc6 Qxc6 20.dxc6 Nb6 21.Red1 Kf7 22.Kf1 Rxd1+
23.Rxd1 Rc8 24.Rc1 Ke6 25.Ke2 Kd5 26.Nh4 Rxc6 27.Rxc6 Kxc6 28.Kf3 Kd5 29.Kg4 Ke6
30.b3 Nd5 31.Kf3 Nc3 32.a4 h5 33.Ke3 f5 34.Ng6 f4+ 35.Bxf4 Nd5+ 36.Ke4 exf4
37.Nxe7 Nxe7 38.Kxf4 Kf6 39.Ke4 Ke6 40.Kf4 a5 41.Kg5 g6 42.g4 hxg4 43.hxg4 Ke5
44.f3 Ke6 45.f4 Nd5 46.f5+ gxf5 47.gxf5+ Ke5 48.Kg6 Ne7+  0-1

[Event "Bocharov Memorial"]
[Site "Borisoglebsk RUS"]
[Date "2011.04.07"]
[Round "9"]
[White "Skomorohov,G"]
[Black "Sinibabnov,N"]
[Result "1/2-1/2"]
[WhiteElo "2213"]
[BlackElo "1703"]

1.e4 c5 2.Nf3 Nc6 3.Bb5 d6 4.h3 Bd7 5.Nc3 g6 6.O-O Bg7 7.Re1 Nf6 8.Bxc6 Bxc6
9.e5 dxe5 10.Nxe5 Qd6 11.d3 Nd5 12.Nc4 Qc7 13.Nxd5 Bxd5 14.Bg5 e6 15.Ne3 Qe5
16.Qg4 O-O 17.c3 Qd6 18.Qh4 f6 19.Bh6 Bc6 20.Bxg7 Kxg7 21.Rad1 Rad8 22.f3 e5
23.b3 b5 24.Ng4 h5 25.Nf2  1/2-1/2

[Event "Karposh Open"]
[Site "Skopje MKD"]
[Date "2011.04.07"]
[Round "7"]
[White "Hera,I"]
[Black "Nedev,Tr"]
[Result "1-0"]
[WhiteElo "2565"]
[BlackElo "2479"]

1.e4 c5 2.Nf3 Nc6 3.Bb5 e6 4.O-O Nge7 5.Re1 a6 6.Bf1 Ng6 7.d4 cxd4 8.Nxd4 Be7
9.Be3 Qc7 10.c4 b6 11.Nc3 O-O 12.Nb3 d6 13.f4 Bd7 14.Rc1 f5 15.exf5 Rxf5
16.Nd5 exd5 17.cxd5 Raf8 18.Nd4 R5f6 19.Bxa6 Qa7 20.dxc6 Qxa6 21.cxd7 Qxa2
22.Nc6 Qe6 23.Bxb6 Qxd7 24.Nxe7+ Nxe7 25.Qb3+ d5 26.Rc7 Qd6 27.Rexe7  1-0

[Event "FSFMA April"]
[Site "Budapest HUN"]
[Date "2011.04.08"]
[Round "7"]
[White "Juracsik,J"]
[Black "Kiss,Pe2"]
[Result "0-1"]
[WhiteElo "2228"]
[BlackElo "1902"]

1.e4 c5 2.Nf3 Nc6 3.Bb5 e6 4.c3 d5 5.Bxc6+ bxc6 6.e5 Ba6 7.d3 Rb8 8.O-O Ne7
9.Re1 Nf5 10.b3 Qb6 11.g4 Ne7 12.c4 Ng6 13.Nc3 Be7 14.Na4 Qc7 15.Qe2 Nf8
16.Qe3 Nd7 17.Bd2 O-O 18.g5 Kh8 19.h4 Rbe8 20.Re2 Rc8 21.Rae1 Rce8 22.Kg2 Rg8
23.Qf4 Ref8 24.Qg4 Bc8 25.Bf4 Qd8 26.Bg3 Nb6 27.Nc3 Qe8 28.h5 f5 29.exf6 gxf6
30.Rxe6 Bxe6 31.Qxe6 Bd8 32.Qh3 Qd7 33.Qe6 Re8 34.Qxd7 Nxd7 35.Rxe8 Rxe8
36.cxd5 cxd5 37.Nxd5 fxg5 38.Kf1 Kg7 39.Ne3 Re6 40.Kg2 Ra6 41.a4 Rb6 42.Nd2 Rb7
43.Nf5+ Kf6 44.Nd6 Rb4 45.Kf3 g4+ 46.Ke2 Ke6 47.N6e4 Be7 48.Bc7 Nf6 49.Ng3 Nd5
50.Ba5 Rb8 51.Nge4 Nf4+ 52.Ke3 Nxh5 53.Bc7 Rf8 54.Nc4 Rf3+ 55.Kd2 Nf4 56.Ne5 Rh3
57.Nxg4 Rxd3+ 58.Kc2 Rf3 59.Ne5 Rh3 60.Nc4 Nd5 61.Bd6 Nb4+ 62.Kb2 Bf6+ 63.Ka3 Nd3
64.a5 Be7 65.Bg3 Rh1 66.Ka2 a6 67.Ne3 h5 68.f4 h4 69.f5+ Kf7 70.Bc7 Re1  0-1